Liberalismus v teorii a politice

Salvato in:
Dettagli Bibliografici
Autore principale: Boaz, David
Altri autori: Lipka, David
Natura: Libro
Lingua:ceco
Pubblicazione: Praha Liberální institut 2002
Soggetti:
Tags: Aggiungi Tag
Nessun Tag, puoi essere il primo ad aggiungerne!!

MARC

LEADER 00000nam$a2200000$$$4500
001 0020838
005 20221129101039.4
020 |a 80-86389-23-5 
041 0 |a cze 
044 |a CZ 
245 1 0 |a Liberalismus v teorii a politice  |c David Boaz ; český překlad: David Lipka ... [et al.] 
264 1 |a Praha  |b Liberální institut  |c 2002 
300 |a 461 s. 
610 2 0 |a liberalizmus 
610 2 0 |a socializmus 
610 2 0 |a práva ľudské 
610 2 0 |a pluralizmus 
610 2 0 |a tolerancia 
610 2 0 |a právo 
610 2 0 |a ústava 
610 2 0 |a spoločnosť občianska 
610 2 0 |a hospodárstvo trhové 
610 2 0 |a vláda 
610 2 0 |a štát 
610 2 0 |a demokracia 
100 1 |a Boaz, David 
700 1 |a Lipka, David